[Event "IOM Open-Masters 2017"]
[Site "Douglas"]
[Date "2017.09.26"]
[Round "4"]
[White "Krishna, C R G"]
[Black "Timman, Jan H"]
[Result "1/2-1/2"]
[WhiteElo "2367"]
[BlackElo "2573"]
[Annotator "TA"]
[PlyCount "73"]
[EventDate "2017.??.??"]
[EventType "swiss"]
[EventCountry "GBR"]
[SourceTitle "playchess.com"]
[Source "ChessBase"]
[SourceQuality "1"]

{[%evp 17,73,-8,0,-1,0,0,0,-14,-18,-49,0,0,-6,-12,-17,-12,0,-38,-37,-27,-20,-48,-25,-44,-12,-49,-38,-36,-7,-12,-19,-22,0,0,23,0,16,22,77,79,79,72,106,0,0,2,33,22,24,31,45,18,27,0,43,0,29,0]} 1. d4 Nf6 2. Nf3 g6 3. Nc3 d5 4. Bf4 Bg7 5. e3 O-O 6. Be2 c5 7. dxc5 Nbd7 8. O-O Nxc5 9. Be5 {D00: 1 d4 d5: Unusual lines} b6 {LiveBook: 8 Games} (9... Bg4 10. h3 Bxf3 11. Bxf3 e6 12. Qe2 Rc8 13. Rfd1 Qb6 14. Rab1 a6 15. a3 Ncd7 16. Bg3 Rfe8 {½-½ (30) Megaranto,S (2544)-Rodshtein,M (2637) Biel 2011}) 10. a4 Bb7 11. a5 {The position is equal.} bxa5 12. Ra3 Ncd7 13. Bd4 $146 ({Predecessor:} 13. Bg3 Rc8 14. Nd2 Nc5 15. Be5 Ne8 16. Bxg7 Nxg7 {0-1 (38) Mayers,R-McGinnes,B ICCF email 2014}) 13... a6 14. Ne5 Nxe5 15. Bxe5 Nh5 {[%cal Bf6h5,Bh5g7,Bg7f5,Bf5d4][%mdl 32]} 16. Bxg7 Nxg7 17. Qd3 Nf5 18. Rfa1 d4 19. exd4 Nxd4 20. Bf1 Qb6 21. Rxa5 Rfd8 {[#] ...Nf3+! is the strong threat.} 22. Qe3 Rd6 23. Re5 e6 ({Not} 23... Qxb2 $2 24. Rb1 $18) 24. Na4 Qc7 25. Rc5 {[%cal Be5c5,Bc5c4,Bc4a4][%mdl 32]} Qe7 26. Rc4 $36 {[%mdl 2048] White has some pressure.} Nf5 27. Qc3 {[#] Threatens to win with Rc7.} Qd8 (27... Bd5 $11 {keeps the balance.}) 28. Nc5 $16 Bd5 29. Rca4 Qg5 30. Ne4 ({White should play} 30. Rxa6 $16 Rdxa6 31. Rxa6 Rxa6 32. Nxa6) 30... Bxe4 $1 $11 31. Rxe4 Qd8 32. Rc4 Nd4 33. Rc5 Nb5 34. Qf3 Nd4 35. Qc3 Nb5 36. Qf3 Nd4 37. Qc3 {Precision: White = 51%, Black = 52%.} 1/2-1/2

[Event "IOM Open-Masters 2017"]
[Site "Douglas"]
[Date "2017.09.26"]
[Round "4"]
[White "Fenil, Shah"]
[Black "Burrows, Martin P"]
[Result "1/2-1/2"]
[WhiteElo "2362"]
[BlackElo "2085"]
[Annotator "NA"]
[PlyCount "77"]
[EventDate "2017.??.??"]
[EventType "swiss"]
[EventCountry "GBR"]
[SourceTitle "playchess.com"]
[Source "ChessBase"]
[SourceQuality "1"]
[TimeControl "40/6000+30:20/3000+30:900+30"]

1. e4 c5 2. Nc3 Nc6 3. g3 g6 4. Bg2 Bg7 5. d3 d6 6. Be3 Rb8 7. Qd2 b5 8. Nge2 b4 9. Nd1 Nd4 10. O-O e6 11. Nc1 Ne7 12. c3 bxc3 13. bxc3 Ndc6 14. Bh6 O-O 15. Bxg7 Kxg7 16. Ne3 e5 17. Ne2 Qb6 18. Rac1 Bd7 19. Nc4 Qc7 20. d4 Rbd8 21. f4 Bc8 22. d5 Na5 23. Ne3 f6 24. c4 Bd7 25. h4 h6 26. g4 Nb7 27. Ng3 Rde8 28. Qb2 Nd8 29. Rcd1 Ng8 30. g5 hxg5 31. hxg5 exf4 32. Rxf4 Re5 33. gxf6+ Rxf6 34. Qf2 Bc8 35. Rxf6 Nxf6 36. Rf1 Qe7 37. Qf4 Nf7 38. Nd1 Rg5 39. Nf2 1/2-1/2

[Event "IOM Open-Masters 2017"]
[Site "Douglas"]
[Date "2017.09.26"]
[Round "4"]
[White "Ledger, Andrew J"]
[Black "Paehtz, Elisabeth"]
[Result "1-0"]
[WhiteElo "2361"]
[BlackElo "2453"]
[Annotator "TA"]
[PlyCount "215"]
[EventDate "2017.??.??"]
[EventType "swiss"]
[EventCountry "GBR"]
[SourceTitle "playchess.com"]
[Source "ChessBase"]
[SourceQuality "1"]

{[%evp 13,215,17,24,12,13,-6,-4,-1,9,-12,5,-25,-24,-38,0,0,0,0,-13,-22,4,2,6,-29,0,-36,-24,-26,-32,-30,-30,-33,-25,-35,0,-42,3,5,25,-19,-10,-46,-39,-34,-33,-29,-15,-62,0,0,0,-93,-83,-92,-93,-93,-63,-59,-11,-65,-22,-58,-22,-112,-105,-152,-14,-56,-16,-95,-6,-31,-31,-35,0,0,0,0,0,0,0,0,0,0,0,0,0,0,0,-14,0,0,0,0,0,0,0,-157,-123,-118,-118,-170,-168,-160,-100,-191,-118,-126,-124,-133,-126,-119,-118,-122,-125,-344,-320,-346,-346,-358,-355,-368,-368,-368,-368,-368,-368,-368,-368,-368,-368,-368,-368,-368,-368,-368,-368,-368,-368,-368,-368,-368,-368,-368,-368,-368,-368,-368,-78,-196,-196,-2713,-2475,-1741,-1733,-1591,-1397,-1075,0,0,0,0,0,0,0,0,1576,29949,29950,29953,29951,29954,29949,29954,29948,29952,29957,29957,29957,29951,12791,5085,5085,5101,5093,5085,5092,5077,5077,5077,29979,5070,1158,807,5077,5077,5076,5073,5070,5068,5057,0,29985,318]} 1. d4 e6 2. c4 b6 3. a3 Bb7 4. Nc3 f5 5. d5 Nf6 6. g3 Na6 7. Bg2 Nc5 8. Nh3 {A40: Unusual replies to 1 d4} Bd6 9. Nf4 (9. O-O O-O 10. Nb5 Be5 11. Bf4 Bxf4 12. Nxf4 a6 13. Nc3 Qe8 14. e3 e5 15. Nd3 Nce4 {0-1 (67) Riazantsev,A (2688)-Dubov,D (2627) Sochi 2015}) 9... O-O 10. O-O {The position is equal.} Qe7 11. Qc2 a5 12. Be3 $146 ({Predecessor:} 12. Rb1 c6 13. dxe6 dxe6 14. Be3 e5 15. Bxc5 Bxc5 {0-1 (42) Rojicek,V (2422)-Szablowski,P (2404) Frydek Mistek 2011}) 12... e5 13. Nd3 e4 14. Nxc5 Bxc5 15. Bxc5 Qxc5 16. Rac1 Kh8 17. Na4 Qe7 18. Nc3 Ng4 19. h3 Ne5 20. Nb5 Rac8 {[%cal Ba8c8,Bc8c6,Bc6g6][%mdl 32]} 21. Rfd1 c6 22. dxc6 Rxc6 23. Qd2 Rg6 {Threatens to win with ...f4!} 24. Qe3 Bc6 25. Nc7 (25. Qxb6 $2 f4 $19) 25... Qc5 26. Qxc5 (26. Nd5 {with more complications.} Qxe3 27. Nxe3 a4 28. Nd5 Bb7 29. e3) 26... bxc5 27. Nd5 Rb8 28. Ne7 Rf6 29. Nxc6 dxc6 30. Rc2 h5 ({Better is} 30... Kg8 $15) 31. f4 $11 exf3 32. Bxf3 (32. exf3 $11 Rb3 33. Rd8+ Kh7 34. f4) 32... g6 $17 33. Kf2 Kg7 34. Rdd2 Kf7 35. Rc3 Ke7 36. a4 (36. Re3 $11 Re6 37. a4) 36... Re6 37. b3 Rf8 38. e3 (38. h4 $11) 38... g5 39. Bd1 Nd7 (39... h4 $1 $17 40. Kg2 hxg3 41. Kxg3 Rh6) 40. Kg2 (40. Bxh5 $2 Nf6 $17) 40... Nf6 41. Bc2 (41. Rcd3 $11 {remains equal.}) 41... Ne8 (41... Ne4 $17 42. Bxe4 fxe4) 42. Bd1 Nd6 43. Rcd3 h4 44. g4 $1 f4 45. exf4 Rxf4 46. Bf3 Kd7 47. Re2 Rxe2+ 48. Bxe2 $11 {[%mdl 4096] Endgame KRB-KRN} Rd4 49. Kf3 Ke6 50. Re3+ Kf6 51. Rd3 Rf4+ 52. Ke3 Re4+ 53. Kf2 Rd4 54. Kf3 Nb7 55. Ke3 $2 (55. Re3 $11) 55... Ke5 $17 56. Rd1 Nd8 $1 57. Rf1 (57. Bd3 $17 {keeps fighting.}) 57... Re4+ $19 58. Kd3 Rf4 59. Bf3 (59. Ke3 $17) 59... Kd6 (59... Rf7 $1 $19 60. Kc3 Ne6 61. Re1+ Kd6 62. Bxc6 Nf4) 60. Bg2 $17 Ne6 $1 61. Ke3 Ke5 62. Re1 Nd4 63. Kd3+ Kd6 {Hoping for ...Rf2.} 64. Re8 $2 (64. Rf1 $17 {was forced.}) 64... Rf2 $1 $19 {[%cal Rf2g2]} ({Weaker is} 64... Nxb3 65. Rg8 $11) 65. Be4 Rh2 ({Less strong is} 65... Nxb3 66. Rg8 $17) 66. Bf5 Rxh3+ 67. Ke4 Rh1 68. Rd8+ Ke7 69. Rd7+ Ke8 70. Rh7 Re1+ 71. Kd3 Nxf5 72. gxf5 {KR-KR} Re5 73. Rh5 Rxf5 74. Ke4 Rf4+ 75. Ke5 Rg4 $1 76. Kd6 Rg3 77. Kxc5 Kf7 78. b4 axb4 79. Kxb4 Kg6 80. Rh8 {intending a5.} Rg1 $2 (80... Kg7 $19 {has better winning chances.} 81. Rh5 Kg6) 81. a5 (81. Kc5 $17 {is the only way for White.}) 81... Ra1 82. Rc8 $2 (82. Kc5) 82... h3 83. Rxc6+ Kf5 84. Rh6 g4 85. Kb5 Kf4 $2 (85... Ra2 $19 86. Rh5+ Kg6) 86. c5 $11 Kg3 {...h2 is the strong threat.} 87. c6 {Black must now prevent c7.} h2 88. c7 Rc1 89. Kb6 {Strongly threatening a6.} Kg2 $2 {[%mdl 8192]} ({Wrong is} 89... h1=R $2 90. Rxh1 Rxh1 91. c8=Q $18) (89... Rb1+ $11 90. Kc6 Rc1+ 91. Kb7 Rb1+ 92. Kc6 Rc1+ 93. Kb7 Rb1+ 94. Kc6) 90. a6 $18 Rb1+ 91. Kc6 Rc1+ {[#]} 92. Kd7 $1 Rd1+ 93. Ke8 Re1+ {[#]} 94. Kf8 $1 h1=Q 95. Rxh1 Rxh1 {KR-KPP} 96. Kg8 Rc1 97. a7 Rxc7 98. a8=Q+ {KQ-KR} Kh3 99. Qh1+ Kg3 100. Qg1+ Kh3 101. Qf1+ Kg3 102. Qf5 (102. Qd3+ $142 Kg2 103. Qd5+ Kh3 104. Qh5+ Kg3 105. Qe5+ Kh3 106. Qxc7 Kg2 107. Qf4) 102... Re7 103. Qd3+ Kf4 104. Qd6+ Re5 105. Kf7 {Intending Kf6 and mate.} Kf5 106. Qd7+ Kg5 107. Qd6 $2 (107. Qd2+ $18 Kf5 108. Qf2+ Ke4 109. Kg6) 107... Re3 $2 {[%mdl 8192]} (107... Kf5 $11 108. Qd7+ Kg5 109. Qd2+ Kf5 110. Qf2+ Ke4) 108. Qf6+ {Precision: White = 54%, Black = 47%.} 1-0

[Event "IOM Open-Masters 2017"]
[Site "Douglas"]
[Date "2017.09.26"]
[Round "4"]
[White "Paul, Johannes"]
[Black "Thilakarathne, G M H"]
[Result "1/2-1/2"]
[WhiteElo "2335"]
[BlackElo "2053"]
[Annotator "NA"]
[PlyCount "110"]
[EventDate "2017.??.??"]
[EventType "swiss"]
[EventCountry "GBR"]
[SourceTitle "playchess.com"]
[Source "ChessBase"]
[SourceQuality "1"]
[TimeControl "40/6000+30:20/3000+30:900+30"]

1. d4 Nf6 2. c4 e6 3. Nf3 d5 4. g3 dxc4 5. Bg2 a6 6. O-O Nc6 7. e3 Bd7 8. Qe2 Bd6 9. Qxc4 O-O 10. Rd1 Qe7 11. Nc3 Rab8 12. e4 b5 13. Qe2 e5 14. Bg5 Nxd4 15. Nxd4 exd4 16. Rxd4 Bc6 17. Nd5 Bxd5 18. Rxd5 Rfe8 19. Rd3 h6 20. Bd2 Be5 21. Be3 Red8 22. Rad1 Rxd3 23. Rxd3 Rd8 24. Rxd8+ Qxd8 25. b4 Qd7 26. Qd2 Qxd2 27. Bxd2 Bd4 28. Kf1 Ng4 29. Ke2 Kf8 30. h3 Ne5 31. f4 Nc4 32. Be1 f6 33. Kd3 Bg1 34. Kc3 c5 35. bxc5 Bxc5 36. Bf3 Ke7 37. Bg4 Nd6 38. Kd3 g6 39. Bd1 Bb6 40. Bb3 Nb7 41. Bd5 Nc5+ 42. Kc2 Ne6 43. Kd3 Nc5+ 44. Ke2 Kd6 45. Bc3 Ke7 46. Kf3 a5 47. e5 Nd7 48. g4 fxe5 49. fxe5 Bc7 50. Kf4 Nf6 51. Bb7 Ke6 52. Bc8+ Ke7 53. Bb2 b4 54. Ba6 Nd5+ 55. Ke4 Nc3+ 1/2-1/2

[Event "IOM Open-Masters 2017"]
[Site "Douglas"]
[Date "2017.09.26"]
[Round "4"]
[White "Jessel, Stephen"]
[Black "Hopson, Kevin Mike"]
[Result "1-0"]
[WhiteElo "2334"]
[BlackElo "1929"]
[Annotator "NA"]
[PlyCount "53"]
[EventDate "2017.??.??"]
[EventType "swiss"]
[EventCountry "GBR"]
[SourceTitle "playchess.com"]
[Source "ChessBase"]
[SourceQuality "1"]
[TimeControl "40/6000+30:20/3000+30:900+30"]

1. Nf3 d5 2. c4 d4 3. b4 Bg4 4. Qb3 f6 5. d3 e5 6. g3 Bxf3 7. exf3 Nd7 8. Bg2 c5 9. b5 Bd6 10. f4 Rb8 11. fxe5 Bxe5 12. O-O Ne7 13. a4 a5 14. Ra2 O-O 15. Re2 Ng6 16. Qd1 Qc7 17. Rfe1 f5 18. f4 Bd6 19. Nd2 Bxf4 20. gxf4 Nxf4 21. Nf3 Nxe2+ 22. Qxe2 Rbe8 23. Qxe8 Rxe8 24. Rxe8+ Kf7 25. Re2 b6 26. Ng5+ Kg6 27. Ne6 1-0

[Event "IOM Open-Masters 2017"]
[Site "Douglas"]
[Date "2017.09.26"]
[Round "4"]
[White "Rathnakaran, K."]
[Black "Tregubov, Pavel V"]
[Result "1/2-1/2"]
[WhiteElo "2326"]
[BlackElo "2589"]
[Annotator "TA"]
[PlyCount "136"]
[EventDate "2017.??.??"]
[EventType "swiss"]
[EventCountry "GBR"]
[SourceTitle "playchess.com"]
[Source "ChessBase"]
[SourceQuality "1"]

{[%evp 19,136,-6,0,-42,-20,-36,-16,-17,-17,-22,-14,-55,-17,-29,0,0,0,17,2,14,15,2,16,0,10,-22,-9,-88,-82,-93,-91,-74,0,-20,0,0,0,-9,262,0,0,-14,0,-277,-3,-12,-14,-29,0,0,0,0,0,0,0,0,159,150,228,228,231,216,219,132,141,123,125,129,111,69,86,86,86,86,86,86,86,86,86,86,86,86,86,24,36,44,42,0,20,8,8,0,0,0,0,0,0,0,0,0,0,0,0,0,0,0,0,0,0,0,0,0,0,0,0,0,0,0,0]} 1. e4 c5 2. Nf3 e6 3. d3 Nc6 4. g3 Nge7 5. Bg2 g6 6. O-O Bg7 7. Re1 d6 8. Nbd2 O-O 9. Nf1 h6 {A04: Unusual lines after 1 Nf3 and King's Indian Attack} (9... b5 10. a4 b4 11. Ne3 e5 12. Nc4 h6 13. Be3 Be6 14. h4 Qd7 15. h5 Bg4 16. hxg6 fxg6 17. Ncd2 Nd4 18. Bxd4 cxd4 {0-1 (34) Golubov,S (2453)-Maletin,P (2581) St Petersburg 2015}) 10. c3 e5 {LiveBook: 27 Games} 11. Bd2 a6 {Black is slightly better.} 12. a4 Be6 13. b4 cxb4 14. cxb4 b5 15. Ne3 $146 ({Predecessor:} 15. Ra3 Qb8 16. Ne3 Rd8 17. Qe2 {½-½ (48) Farid,F (2285)-Nguyen Huynh Minh,H (2442) Ho Chi Minh City 2012}) 15... Qd7 16. Bc3 Rac8 17. axb5 axb5 18. d4 Nxd4 19. Bxd4 exd4 20. Nxd4 Bc4 21. Ra3 (21. Nxc4 $2 Rxc4 22. Ne2 Bxa1 $19) 21... Rfd8 22. Nd5 Qb7 {[%cal Re7d5]} 23. Ra5 (23. Ne3 $11 {remains equal.}) 23... Re8 $1 $17 {[%cal Re7d5]} (23... Nxd5 $6 24. exd5 Re8 25. Nc6 $11) 24. Nf6+ Bxf6 25. e5 Nd5 (25... d5 $17 26. exf6 Nc6 27. Rxe8+ Rxe8 28. Nxc6 Qxc6) 26. exf6 $11 Rxe1+ 27. Qxe1 Qb6 28. Qa1 Qd8 $2 {[%mdl 8192]} (28... Nxf6 $2 29. Ra6 $18) (28... Nxb4 $11 {and Black is okay.} 29. Ra8 Qd8 30. Rxc8 Qxc8) 29. Nxb5 $2 ({White must play} 29. Bh3 $1 $18 {[%cal Rh3c8]} Kh7 30. Bxc8 (30. Nxb5 Rb8 $16) 30... Qxc8 31. Nxb5) 29... Nxb4 30. Na7 Rb8 {[%cal Bc8b8,Bb8b1,Bb1e1][%mdl 32] ...Nc2 is the strong threat.} 31. h4 $2 {[%mdl 8192] [#]} (31. Nc6 $11 Nxc6 32. Bxc6) 31... d5 $2 ({Black should try} 31... Qb6 $1 $19 32. h5 Nd3) 32. h5 g5 33. Bh3 Nc2 34. Qe5 $36 {[%mdl 2048] White has some pressure.} Rb1+ 35. Kh2 Re1 $1 {[%cal Re1e5]} 36. Nc6 {White threatens Qxe1 and mate.} Rxe5 37. Nxd8 Re8 $2 (37... Re2 $11 38. Kg1 Re1+ 39. Kh2 Re2) 38. Nc6 $16 Be2 (38... Ne1 $16) 39. Bd7 $18 ({Don't play} 39. Rxd5 $6 Bxh5 40. Bd7 Re2 $16) 39... Rf8 40. Ra2 ({Much less strong is} 40. Rxd5 $6 Bxh5 41. Bf5 Bf3) 40... Bd3 41. Ne7+ Kh8 42. Nxd5 Rd8 43. Ra7 Nd4 44. g4 Nf3+ 45. Kg3 Ne5 {[#]} 46. Nb6 $1 Rb8 47. f4 gxf4+ 48. Kxf4 Nxg4 49. Bxg4 Rxb6 50. Rxf7 $16 {[%mdl 4096] Endgame Hoping for Ke3. KRB-KRB} Kg8 51. Rd7 (51. Rg7+ $16 Kf8 52. Ke5) 51... Bc4 $1 $11 52. Ke5 {Black must now prevent Bf5.} Rb5+ 53. Kf4 Rb6 $1 {The position is equal.} 54. Rc7 Bb3 55. Ke5 {Strongly threatening Rc5.} Rb5+ 56. Kd6 {And now Be6+ would win.} Rd5+ 57. Ke7 {Threatening mate with f7+.} Re5+ 58. Kd8 Kf8 59. Rh7 Re4 60. Bd7 Rd4 61. Kc7 Rf4 62. Rxh6 Kf7 63. Rh8 (63. Bb5 {is interesting.} Rxf6 64. Rh7+ Kg8 65. Re7 Rf5 66. Be2) 63... Kxf6 64. h6 {aiming for Rf8+.} Rh4 65. Be8 Bc2 66. Kd6 Kg5 67. Ke5 Re4+ 68. Kd6 Rh4 {Precision: White = 46%, Black = 61%.} 1/2-1/2

[Event "IOM Open-Masters 2017"]
[Site "Douglas"]
[Date "2017.09.26"]
[Round "4"]
[White "Zwahr, Paul"]
[Black "Rakesh, Kumar Jena"]
[Result "0-1"]
[WhiteElo "2306"]
[BlackElo "2418"]
[Annotator "TA"]
[PlyCount "78"]
[EventDate "2017.??.??"]
[EventType "swiss"]
[EventCountry "GBR"]
[SourceTitle "playchess.com"]
[Source "ChessBase"]
[SourceQuality "1"]

{[%evp 11,78,26,54,64,103,95,114,98,152,72,79,82,83,82,141,31,41,36,42,24,28,20,45,35,69,16,112,86,135,122,127,115,123,116,146,115,175,178,212,208,191,180,355,353,245,200,323,204,332,110,139,0,0,-82,-81,-447,-404,-458,-442,-460,-468,-1117,-1128,-1115,-1068,-29995,-29996,-29996,-29997]} 1. e4 d6 2. d4 Nf6 3. Nc3 g6 4. f4 Bg7 5. Nf3 O-O 6. Bd3 a6 {LiveBook: 4 Games} 7. O-O {B09: Pirc Defence: Austrian Attack} b5 8. e5 Nfd7 9. Ne4 {White is better.} d5 $146 (9... Bb7 $142) ({Predecessor:} 9... dxe5 10. fxe5 Nb6 11. c3 f6 12. exf6 exf6 13. Qe1 N8d7 14. h4 Re8 {½-½ (33) Pikula,D (2458)-Colovic,D (2364) Sabac 2014}) 10. Nf2 (10. Neg5 $142 $1) 10... c5 $16 11. f5 c4 12. fxg6 cxd3 (12... fxg6 $142 13. Be2 Nb6) 13. gxf7+ (13. gxh7+ $16 Kh8 14. Nxd3) 13... Rxf7 $14 14. Ng5 Rf5 15. Qxd3 Nf8 16. g4 {[#]} Rxg5 $1 {[%mdl 512]} 17. Bxg5 Nc6 18. c3 (18. a3 $14) 18... Be6 (18... b4 $11 {keeps the balance.}) 19. Qg3 $36 {[%mdl 2048] Black is under strong pressure.} Bf7 20. h4 {[%cal Bh2h4,Bh4h5][%mdl 32]} Ne6 21. Bd2 b4 {[#]} 22. h5 $1 bxc3 23. bxc3 Na5 (23... Qb6 $16 {was called for.}) 24. Rae1 $18 Nc4 {[#]} 25. Bc1 $1 Qd7 26. Nd3 h6 $2 (26... Nb6 27. Rf2 Na4) 27. Re2 Rf8 28. Ref2 Qe8 (28... Ng5 {is a better defense.}) 29. Qh4 a5 (29... Kh8 {might work better.} 30. g5 Bxh5) 30. Rg2 $2 (30. g5 $18 {is the precise move to win.} hxg5 31. Qh3) 30... Kh7 $16 31. g5 ({White should try} 31. Qg3 $16) 31... hxg5 $11 32. Bxg5 (32. Qg4 $11 {remains equal.} Bh6 33. Rgf2) 32... Nxg5 $17 33. Qxg5 $4 {[%mdl 8192]} (33. h6 $17 Bxh6 34. Rxg5) 33... Bh6 $19 34. Qf5+ Kh8 35. Qh3 Ne3 36. e6 {[#]} (36. Rf3 $142 Nxg2 37. Kxg2) 36... Bxe6 $1 {[%mdl 512]} 37. Rxf8+ (37. Qxe6 Rxf1+) 37... Qxf8 38. Ne5 Qf1+ 39. Kh2 Bf4+ {Precision: White = 43%, Black = 48%.} 0-1

[Event "IOM Open-Masters 2017"]
[Site "Douglas"]
[Date "2017.09.26"]
[Round "4"]
[White "Piasetski, Leon"]
[Black "Kavinda, Akila"]
[Result "1/2-1/2"]
[WhiteElo "2286"]
[BlackElo "2099"]
[Annotator "NA"]
[PlyCount "80"]
[EventDate "2017.??.??"]
[EventType "swiss"]
[EventCountry "GBR"]
[SourceTitle "playchess.com"]
[Source "ChessBase"]
[SourceQuality "1"]
[TimeControl "40/6000+30:20/3000+30:900+30"]

1. c4 Nf6 2. Nc3 g6 3. e4 e5 4. Nf3 Nc6 5. d4 exd4 6. Nxd4 Bg7 7. Nxc6 dxc6 8. Qxd8+ Kxd8 9. f3 Be6 10. Bg5 Kc8 11. O-O-O Nd7 12. Kc2 c5 13. Nd5 Ne5 14. b3 Nc6 15. Bf6 Bxf6 16. Nxf6 a5 17. Nd5 a4 18. Nc3 axb3+ 19. axb3 Nb4+ 20. Kb2 Rd8 21. Be2 b6 22. f4 Rd4 23. g3 Kb7 24. Rhf1 Bd7 25. e5 Bc6 26. f5 Re8 27. e6 fxe6 28. f6 Rf8 29. f7 Kc8 30. Rxd4 cxd4 31. Nb5 Bxb5 32. cxb5 Kd7 33. Bc4 Nd5 34. Bxd5 exd5 35. Kc2 Ke7 36. Re1+ Kd6 37. Rf1 Ke6 38. Re1+ Kd6 39. Rf1 Ke7 40. Re1+ Kd6 1/2-1/2

[Event "IOM Open-Masters 2017"]
[Site "Douglas"]
[Date "2017.09.26"]
[Round "4"]
[White "Rudolf, Anna"]
[Black "Yankelevich, Lev"]
[Result "1-0"]
[WhiteElo "2286"]
[BlackElo "2443"]
[Annotator "TA"]
[PlyCount "119"]
[EventDate "2017.??.??"]
[EventType "swiss"]
[EventCountry "GBR"]
[SourceTitle "playchess.com"]
[Source "ChessBase"]
[SourceQuality "1"]

{[%evp 11,119,9,14,0,10,2,3,-3,17,9,31,35,43,0,4,8,0,-44,-57,-89,-71,-99,-39,-29,-42,-43,-30,-19,-10,-20,-28,-48,-55,-53,-57,-72,-71,-46,-49,-46,-51,-78,-95,-76,-62,-74,-45,-45,-5,-69,0,-7,0,0,0,0,0,0,116,116,116,116,157,146,207,193,409,420,888,864,29988,3259,2575,2793,2377,2242,1472,1529,1400,1205,1594,1439,29975,29976,29976,29976,29978,29979,29979,29980,29981,29981,29981,29981,29981,29981,29982,29983,29983,29984,29984,29985,29987,29988,29990,29991,29992,29984,29996,29997]} 1. e4 c5 2. Nf3 d6 3. Bb5+ Nd7 4. O-O a6 5. Bxd7+ Bxd7 6. Re1 Bg4 {LiveBook: 4 Games. B51: Sicilian: Moscow Variation (3 Bb5+) without 3...Bd7} (6... Nf6 7. e5 dxe5 8. Nxe5 e6 9. Qf3 Qc8 10. Na3 b5 11. c4 Ra7 12. d4 cxd4 13. Bg5 Be7 14. Nc2 h6 15. Bh4 Qa8 16. Qxa8+ Rxa8 17. Nxd4 bxc4 18. Nxc4 {½-½ (18) Becerra Rivero,J (2539)-Shankland,S (2671) Greensboro 2017}) 7. h3 Bh5 8. d3 e6 {The position is equal.} 9. Nbd2 Be7 10. Nf1 h6 11. Ng3 Bg6 12. a4 Nf6 13. e5 $146 ({Predecessor:} 13. Nh2 d5 14. e5 {½-½ (60) Sanchez Liecano,S (2150)-Mateus Urbano,L (2274) Bogota 2010}) 13... Nd7 14. Bf4 d5 15. c3 O-O 16. Nh2 Bg5 (16... Nb8 $17 17. Nf3 Nc6) 17. Bxg5 $15 Qxg5 18. d4 Rac8 19. Nf3 Qe7 20. Re3 b6 21. Qe2 Nb8 22. Kh2 Nc6 23. Qxa6 cxd4 24. Nxd4 Nxd4 25. cxd4 Qb4 26. Ne2 Ra8 27. Qb7 Qxb2 28. Raa3 Rfb8 29. Qc7 Qc2 30. Qd7 ({White should try} 30. Qxc2 $11 Bxc2 31. Nc3) 30... b5 ({Black should play} 30... Qd2 $15 31. Rab3 Qa2) 31. Nf4 $1 $11 {[%cal Rf4g6]} b4 (31... Rxa4 32. Rac3) 32. Rab3 Ra6 33. Rg3 {Hoping for Rxg6!} Qc6 34. Qe7 Re8 (34... Qb7 $1 $11 {keeps the balance.} 35. Qh4 (35. Nxg6 fxg6 36. Qc5 Qb6 $11) 35... Rxa4) 35. Nxg6 $16 fxg6 36. Qxb4 Rxa4 {[#]} 37. Qd2 $1 g5 {[#]} (37... Ra7 $16) 38. f4 $1 $18 {[%cal Bf2f4,Bf4g5][%mdl 32]} Ra1 $2 (38... Qc4 {is a better defense.}) 39. fxg5 h5 (39... Qc1 $142 40. Qxc1 Rxc1 41. gxh6 Re7) 40. g6 h4 41. Rgf3 (41. Rgc3 $142 Qa6 42. Rf3 Qc8 43. Qf4 Ra2 44. Qf7+ Kh8 45. Rf4 Rxg2+ 46. Kxg2) 41... Qc1 42. Qxc1 Rxc1 {[%mdl 4096] Endgame KRR-KRR} 43. Rf4 Rf8 44. Rxh4 Rc7 45. Rb6 Re8 46. Rf4 Ra7 47. h4 {White mates.} Rc7 48. h5 Ra7 49. Kh3 Rc7 50. Kh4 Rc2 51. g4 {[%cal Bg2g4,Bg4g5][%mdl 32]} Rc7 52. Rb3 Rec8 53. Rbf3 Rc4 54. g5 Rc1 55. h6 {[%cal Bh5h6,Bh6g7][%mdl 32]} Rh1+ 56. Rh3 Rg1 57. Kh5 Kh8 58. Rf7 Rg8 59. Re7 Rd1 60. hxg7+ {Precision: White = 54%, Black = 41%.} 1-0

[Event "IOM Open-Masters 2017"]
[Site "Douglas"]
[Date "2017.09.26"]
[Round "4"]
[White "Yoo, Christopher Woojin"]
[Black "Cornette, Deimante"]
[Result "1-0"]
[WhiteElo "2254"]
[BlackElo "2404"]
[Annotator "NA"]
[PlyCount "129"]
[EventDate "2017.??.??"]
[EventType "swiss"]
[EventCountry "GBR"]
[SourceTitle "playchess.com"]
[Source "ChessBase"]
[SourceQuality "1"]
[TimeControl "40/6000+30:20/3000+30:900+30"]

1. e4 e5 2. Nf3 Nc6 3. Bb5 a6 4. Ba4 g6 5. d4 exd4 6. c3 Bg7 7. cxd4 b5 8. Bb3 Nge7 9. d5 Na5 10. Bd2 Nxb3 11. axb3 d6 12. Bc3 f6 13. O-O O-O 14. Na3 Bd7 15. Nc2 c5 16. dxc6 Bxc6 17. Nfd4 Bd7 18. Bb4 Qb6 19. Nf3 Rfe8 20. Bxd6 Rad8 21. Qd4 Qxd4 22. Nfxd4 Nc6 23. Rfe1 Nxd4 24. Nxd4 Bc8 25. Bc5 Bb7 26. f4 Bxe4 27. Rxa6 f5 28. Nxb5 Bd3 29. Rxe8+ Rxe8 30. Rb6 Bxb2 31. Bd4 Bxd4+ 32. Nxd4 Re4 33. Ne6 Re1+ 34. Kf2 Re2+ 35. Kf3 Rc2 36. Rb8+ Kf7 37. Ng5+ Kg7 38. Rb7+ Kg8 39. Ke3 Bf1 40. Nxh7 Rxg2 41. Nf6+ Kf8 42. Nd7+ Ke7 43. Ne5+ Ke6 44. Rb6+ Kd5 45. h4 Re2+ 46. Kf3 Rb2 47. Nxg6 Be2+ 48. Kg3 Bd1 49. Ne7+ Kc5 50. Rc6+ Kb5 51. Rc3 Bg4 52. Ng8 Kb4 53. Re3 Rb1 54. Nf6 Rg1+ 55. Kh2 Rf1 56. Kg2 Rd1 57. Nxg4 fxg4 58. h5 Rd5 59. Re5 Rd3 60. f5 Rxb3 61. Re8 Kc5 62. h6 Rb7 63. f6 Rh7 64. Kg3 Kd6 65. Kxg4 1-0